| 000 | 00593nam a2200169Ia 4500 | ||
|---|---|---|---|
| 008 | 151213s9999 xx 000 0 und d | ||
| 020 | _a98432507-3 | ||
| 100 | _aঅধ্যাপক এম. বদর উদ্দীন | ||
| 245 |
_aহিন্দু আইন _cঅধ্যাপক এম. বদর উদ্দীন |
||
| 250 | _a৬ষ্ঠ সং | ||
| 260 |
_aঢাকা _bপশেখ মো : আলী হাসান _c2010 |
||
| 300 | _a7856 p. | ||
| 650 | _aLaw | ||
| 650 | _aLaw | ||
| 700 | _aঅধ্যাপক এম. বদর উদ্দীন | ||
| 999 |
_c4044 _d4044 |
||